Boston Celtics All Stars - Statistics

General Stats
  • This quiz has been taken 35 times
  • The average score is 70 of 76
Answer Stats
Hint Answer % Correct
2013 Kevin Garnett
100%
2011 Kevin Garnett
100%
2010 Kevin Garnett
100%
2009 Kevin Garnett
100%
2008 Kevin Garnett
100%
1992 Larry Bird
100%
1991 Larry Bird
100%
1990 Larry Bird
100%
1988 Larry Bird
100%
1987 Larry Bird
100%
1986 Larry Bird
100%
1985 Larry Bird
100%
1984 Larry Bird
100%
1983 Larry Bird
100%
1982 Larry Bird
100%
1981 Larry Bird
100%
1980 Larry Bird
100%
2012 Paul Pierce
100%
2011 Paul Pierce
100%
2010 Paul Pierce
100%
2009 Paul Pierce
100%
2008 Paul Pierce
100%
2006 Paul Pierce
100%
2005 Paul Pierce
100%
2004 Paul Pierce
100%
2003 Paul Pierce
100%
2002 Paul Pierce
100%
2025 Jaylen Brown
97%
2024 Jaylen Brown
97%
2023 Jaylen Brown
97%
2021 Jaylen Brown
97%
2025 Jayson Tatum
97%
2024 Jayson Tatum
97%
2023 Jayson Tatum
97%
2022 Jayson Tatum
97%
2021 Jayson Tatum
97%
2020 Jayson Tatum
97%
1991 Kevin McHale
97%
1990 Kevin McHale
97%
1989 Kevin McHale
97%
1988 Kevin McHale
97%
1987 Kevin McHale
97%
1986 Kevin McHale
97%
1984 Kevin McHale
97%
2011 Ray Allen
97%
2009 Ray Allen
97%
2008 Ray Allen
97%
1991 Robert Parish
97%
1990 Robert Parish
97%
1987 Robert Parish
97%
1986 Robert Parish
97%
1985 Robert Parish
97%
1984 Robert Parish
97%
1983 Robert Parish
97%
1982 Robert Parish
97%
1981 Robert Parish
97%
2017 Isaiah Thomas
94%
2016 Isaiah Thomas
94%
2013 Rajon Rondo
91%
2012 Rajon Rondo
91%
2011 Rajon Rondo
91%
2010 Rajon Rondo
91%
2019 Kyrie Irving
88%
2018 Kyrie Irving
88%
2018 Al Horford
84%
1985 Dennis Johnson
78%
2003 Antoine Walker
69%
2002 Antoine Walker
69%
1998 Antoine Walker
69%
1988 Danny Ainge
69%
2020 Kemba Walker
69%
1980 Dave Cowens
63%
1992 Reggie Lewis
47%
1982 Tiny Archibald
44%
1981 Tiny Archibald
44%
1980 Tiny Archibald
44%
No matching quizzes found
Score Distribution
Percent of People with Each Score
Percentile by Number Answered
Your Score History
You have not taken this quiz